| 000 | 00767nam a2200241Ia 4500 | ||
|---|---|---|---|
| 003 | BUBTL | ||
| 008 | 151213s9999 xx 000 0 und d | ||
| 020 | _a9781855739963 | ||
| 082 | _a677.022/ G913w/ 1977 | ||
| 100 |
_aGrosicki, Z.J. _94732 |
||
| 245 |
_aWatson's Advanced Textile Design: _cCompound Woven Structures/ _bZ.J. Grosicki |
||
| 250 | _a4th Edn | ||
| 260 |
_aLondon: _bWoodhead Publishing Limited, _cc1977 |
||
| 300 |
_a435 p.: _bills.; _c20 cm. |
||
| 500 | _aIncludes Index | ||
| 505 | _aTextile Design, Compound Woven Structures, Z.J. Grosicki | ||
| 650 | 0 |
_aTextile Engineering _9909 |
|
| 650 |
_aTextiles _94604 |
||
| 760 | _b4th | ||
| 856 |
_k0 _l0 _yDownload |
||
| 942 |
_2ddc _cBK |
||
| 999 |
_c3975 _d3975 |
||